[Event "Cape Town IM"]
[Site "Cape Town"]
[Date "2023.01.07"]
[Round "8"]
[White "Klaasen, Calvin Jong"]
[Black "Salimu, Reuben"]
[Result "1-0"]
[WhiteElo "2200"]
[BlackElo "1860"]
[PlyCount "83"]
[EventDate "2023.01.04"]
[EventType "tourn"]
[EventRounds "9"]
[EventCountry "RSA"]
[SourceTitle "CBM 212 Extra"]
[Source "ChessBase"]
[SourceDate "2023.03.31"]
[SourceVersion "1"]
[SourceVersionDate "2023.03.31"]
[SourceQuality "1"]

1. d4 d5 2. Nf3 Nf6 3. c4 c6 4. Qc2 dxc4 5. Qxc4 Bf5 6. g3 e6 7. Bg2 Be7 8. 0-0 h6 9. Nc3 Ne4 10. Ne5 Nd6 11. Qb3 Qb6 12. e4 Qxb3 13. axb3 Bh7 14. Be3 Nd7 15. Nxd7 Kxd7 16. d5 cxd5 17. exd5 e5 18. Bxa7 Rhc8 19. Bb6 Bd8 20. Bxd8 Kxd8 21. Rxa8 Rxa8 22. Re1 f6 23. f4 exf4 24. gxf4 Ra6 25. Na4 Ra5 26. Re6 Nc8 27. Re3 Rb5 28. Rc3 b6 29. Bh3 f5 30. Bf1 Rb4 31. Ba6 Na7 32. d6 Bg8 33. Rc7 Bxb3 34. Nc3 Rd4 35. Rxa7 Rxd6 36. Rxg7 Ke8 37. Bb5+ Kf8 38. Rd7 Rg6+ 39. Kf2 Rg4 40. Ke3 Rh4 41. Rd2 Ke7 42. Bf1 1-0

[Event "Cape Town IM"]
[Site "Cape Town"]
[Date "2023.01.07"]
[Round "7"]
[White "Salimu, Reuben"]
[Black "Kobese, Watu"]
[Result "0-1"]
[WhiteElo "1860"]
[BlackElo "2302"]
[PlyCount "148"]
[EventDate "2023.01.04"]
[EventType "tourn"]
[EventRounds "9"]
[EventCountry "RSA"]
[SourceTitle "CBM 212 Extra"]
[Source "ChessBase"]
[SourceDate "2023.03.31"]
[SourceVersion "1"]
[SourceVersionDate "2023.03.31"]
[SourceQuality "1"]

1. d4 Nf6 2. c4 g6 3. Nc3 Bg7 4. e4 d6 5. Nf3 0-0 6. Be2 Nbd7 7. e5 dxe5 8. dxe5 Ng4 9. e6 fxe6 10. 0-0 Nge5 11. Ng5 Nb6 12. Qb3 Nc6 13. Nb5 Nd4 14. Nxd4 Qxd4 15. Nf3 Qf6 16. c5 Nd5 17. Bc4 c6 18. Rb1 b5 19. cxb6 axb6 20. Bg5 Qf7 21. a4 Ba6 22. Bxa6 Rxa6 23. Qc4 b5 24. axb5 cxb5 25. Qxb5 Rb6 26. Qe2 Rfb8 27. Bd2 Rxb2 28. Rxb2 Rxb2 29. Qc4 h6 30. Qc1 g5 31. Qc8+ Bf8 32. Bc1 Rb1 33. Ne5 Qf5 34. Nd7 Nb6 35. Qxf8+ Qxf8 36. Nxf8 Kxf8 37. h4 Rb5 38. Re1 Kf7 39. hxg5 hxg5 40. Kh2 Nd7 41. Re2 Nf6 42. Ra2 Rb3 43. Ra4 Kg6 44. Ba3 Kf5 45. f3 Nd5 46. Ra5 Kf6 47. Bc1 Rb4 48. Rc5 Ra4 49. Bb2+ Kg6 50. Bc1 g4 51. Kg3 Nf6 52. Rg5+ Kf7 53. Re5 Rc4 54. Bd2 gxf3 55. gxf3 Rd4 56. Be3 Rd5 57. Rg5 Rd3 58. Re5 Nd7 59. Re4 Nf6 60. Re5 Rd5 61. Rg5 e5 62. Kf2 Ke6 63. Rg1 Rb5 64. Ra1 Rb2+ 65. Kg3 Rb3 66. Re1 Kf5 67. Kg2 Rb2+ 68. Kh3 Nh5 69. Bh6 Rf2 70. Re3 e6 71. Bg5 Kxg5 72. Rxe5+ Kf4 73. Rxe6 Kxf3 74. Ra6 Nf4+ 0-1

[Event "South African op"]
[Site "Durban"]
[Date "2017.07.21"]
[Round "10"]
[White "Salimu, Reuben"]
[Black "Wilken, Justin Barend"]
[Result "1/2-1/2"]
[WhiteElo "1968"]
[BlackElo "1920"]
[PlyCount "89"]
[EventDate "2017.07.14"]
[EventType "swiss"]
[EventRounds "11"]
[EventCountry "RSA"]
[SourceTitle "CBM 179 Extra"]
[Source "ChessBase"]
[SourceDate "2017.08.23"]
[SourceVersion "1"]
[SourceVersionDate "2017.08.23"]
[SourceQuality "1"]

1. e4 c5 2. Nf3 e6 3. d4 cxd4 4. Nxd4 Nf6 5. Bd3 Nc6 6. Nxc6 bxc6 7. 0-0 d5 8. e5 Nd7 9. Bf4 Qb6 10. Qe2 Nc5 11. Bc1 Nxd3 12. cxd3 Ba6 13. Nc3 Qd4 14. Rd1 Be7 15. Kh1 0-0 16. Qe3 Qxe3 17. Bxe3 f6 18. exf6 Bxf6 19. d4 e5 20. dxe5 Bxe5 21. Bc5 Rf4 22. Rac1 Rc4 23. Re1 Bf4 24. Be3 Rf8 25. Bxf4 Rfxf4 26. b3 Rb4 27. Re7 Rxf2 28. Rxa7 Rf1+ 29. Rxf1 Bxf1 30. Kg1 Rf4 31. Rd7 d4 32. Ne4 Bd3 33. Nf2 Bb1 34. g3 Rf5 35. Rxd4 Bxa2 36. b4 Rb5 37. Nd3 Rd5 38. Rxd5 Bxd5 39. Kf2 Kf7 40. Ke3 Ke7 41. Kd4 Kd6 42. Ne5 Bg2 43. Nc4+ Kc7 44. Kc5 Kd7 45. Kd4 1/2-1/2

[Event "South African op"]
[Site "Durban"]
[Date "2017.07.20"]
[Round "9"]
[White "Zwakala, Ntando"]
[Black "Salimu, Reuben"]
[Result "1/2-1/2"]
[WhiteElo "2020"]
[BlackElo "1968"]
[PlyCount "148"]
[EventDate "2017.07.14"]
[EventType "swiss"]
[EventRounds "11"]
[EventCountry "RSA"]
[SourceTitle "CBM 179 Extra"]
[Source "ChessBase"]
[SourceDate "2017.08.23"]
[SourceVersion "1"]
[SourceVersionDate "2017.08.23"]
[SourceQuality "1"]

1. e4 e5 2. Nf3 Nc6 3. Bb5 a6 4. Ba4 Nf6 5. 0-0 Be7 6. Re1 b5 7. Bb3 0-0 8. h3 d6 9. c3 Na5 10. Bc2 c5 11. d4 cxd4 12. cxd4 exd4 13. Nxd4 Bb7 14. Nd2 Re8 15. Nf1 Bf8 16. Ng3 Rc8 17. Bg5 h6 18. Bf4 Nc4 19. b3 Ne5 20. a4 Ng6 21. Bd2 Qb6 22. Ndf5 d5 23. axb5 axb5 24. Be3 Bc5 25. exd5 Nxd5 26. Bxc5 Rxe1+ 27. Qxe1 Qxc5 28. Be4 Re8 29. Qd2 Ngf4 30. Qb2 Qf8 31. Ra7 Ba8 32. Qd2 Qc5 33. Ne7+ Kf8 34. Rxa8 Rxa8 35. Nxd5 Nxd5 36. Qxd5 Qxd5 37. Bxd5 Rd8 38. Bc6 Rd3 39. Bxb5 Rxb3 40. Be2 Rb1+ 41. Bf1 g6 42. f3 h5 43. Kf2 Rb3 44. Ne4 Ke7 45. h4 Rb4 46. g3 Ra4 47. Ke3 Rb4 48. Nc5 f6 49. Nd3 Rb3 50. f4 Ra3 51. Be2 f5 52. Kf2 Kf6 53. Ne5 Ra7 54. Bb5 Re7 55. Bd7 Kg7 56. Ke3 Kf6 57. Kd4 Kg7 58. Kd5 Kf6 59. Kd6 Rg7 60. Be8 Ra7 61. Bxg6 Ra6+ 62. Kd5 Ra3 63. Bxh5 Rxg3 64. Bf3 Rh3 65. h5 Rh4 66. Nd3 Rh3 67. Ne5 Rh4 68. Ng6 Rh3 69. Ne5 Rh4 70. Nd7+ Ke7 71. Ke5 Kxd7 72. Kxf5 Ke7 73. Kg5 Rxf4 74. Kxf4 Kf7 1/2-1/2

[Event "South African op"]
[Site "Durban"]
[Date "2017.07.14"]
[Round "1"]
[White "Salimu, Reuben"]
[Black "Manganyi, Ephic"]
[Result "1-0"]
[WhiteElo "1968"]
[BlackElo "1582"]
[PlyCount "55"]
[EventDate "2017.07.14"]
[EventType "swiss"]
[EventRounds "11"]
[EventCountry "RSA"]
[SourceTitle "EXT 2018"]
[Source "ChessBase"]
[SourceDate "2017.10.13"]
[SourceVersion "1"]
[SourceVersionDate "2017.10.13"]
[SourceQuality "1"]

1. e4 e5 2. Nf3 d6 3. d4 Bg4 4. dxe5 Bxf3 5. Qxf3 dxe5 6. Bc4 Nf6 7. Qb3 Qe7 8. Nc3 c6 9. Bg5 b6 10. 0-0-0 Nbd7 11. Rd2 Nc5 12. Qa3 h6 13. Bxf6 Qxf6 14. Nb5 Ne6 15. Qa6 Nc5 16. Nc7+ Ke7 17. Rhd1 Qg5 18. Qa3 Rd8 19. h4 Qxh4 20. Rxd8 Kf6 21. Qf3+ Qf4+ 22. Qxf4+ exf4 23. f3 g5 24. b4 Na4 25. R1d7 Kg6 26. Bxf7+ Kf6 27. Ne8+ Ke5 28. Rd5+ 1-0

[Event "Boksburg Inter Region-ch"]
[Site "Boksburg"]
[Date "2016.12.20"]
[Round "2.2"]
[White "Van der Nat, Nicholas P"]
[Black "Salimu, Reuben"]
[Result "1-0"]
[WhiteElo "2352"]
[BlackElo "1946"]
[PlyCount "39"]
[EventDate "2016.12.20"]
[EventType "team-swiss"]
[EventRounds "7"]
[EventCountry "RSA"]
[SourceTitle "CBM 176 Extra"]
[Source "ChessBase"]
[SourceDate "2017.03.02"]
[SourceVersion "1"]
[SourceVersionDate "2017.03.02"]
[SourceQuality "1"]
[WhiteTeam "The A-Team"]
[BlackTeam "Chess WP II"]
[WhiteTeamCountry "RSA"]
[BlackTeamCountry "RSA"]

1. e4 c5 2. Nc3 Nc6 3. Bb5 Nd4 4. Bc4 a6 5. Nf3 e6 6. Nxd4 cxd4 7. Ne2 b5 8. Bd3 d5 9. Nxd4 Bb7 10. Qe2 Qb6 11. Nb3 Nf6 12. e5 Nd7 13. 0-0 Be7 14. c3 f6 15. exf6 Bxf6 16. Bc2 e5 17. d4 e4 18. Qg4 Bc8 19. Bxe4 Ne5 20. Qe2 1-0

[Event "Johannesburg Redpath op"]
[Site "Johannesburg"]
[Date "2016.07.14"]
[Round "2"]
[White "Salimu, Reuben"]
[Black "Smith, Elani"]
[Result "1-0"]
[WhiteElo "1949"]
[BlackElo "1168"]
[PlyCount "156"]
[EventDate "2016.07.13"]
[EventType "swiss"]
[EventRounds "9"]
[EventCountry "RSA"]
[SourceTitle "CBM 173 Extra"]
[Source "ChessBase"]
[SourceDate "2016.08.29"]
[SourceVersion "1"]
[SourceVersionDate "2016.08.29"]
[SourceQuality "1"]

1. d4 Nf6 2. c4 e6 3. Nc3 d5 4. cxd5 exd5 5. Bg5 Be7 6. e3 0-0 7. Bd3 c6 8. Nge2 Nbd7 9. Qc2 h6 10. Bh4 b6 11. f3 c5 12. 0-0 Bb7 13. Rae1 Re8 14. Bf2 Bd6 15. Ng3 cxd4 16. exd4 Qc7 17. Qb3 a6 18. Rc1 Qd8 19. Nf5 Bf4 20. Rce1 Qc7 21. g3 Bd2 22. Rd1 Bxc3 23. Rc1 Rac8 24. Rxc3 Qb8 25. Rfc1 Rxc3 26. Qxc3 h5 27. Qc7 Re6 28. Qxb8+ Nxb8 29. Rc7 Ba8 30. Ra7 Bc6 31. Ne7+ Kf8 32. Nxc6 Nxc6 33. Rxa6 Nb4 34. Ra8+ Re8 35. Rxe8+ Nxe8 36. Bb1 Nd6 37. a3 Nc6 38. Bd3 b5 39. b3 g6 40. Kf1 Na5 41. Bc2 Nc6 42. Ke2 Nf5 43. Kd3 Ke7 44. Kc3 Ke6 45. Bd3 Nd6 46. Bf1 Kf5 47. Bh3+ Kf6 48. Bf1 Kf5 49. h3 g5 50. Bd3+ Kf6 51. g4 hxg4 52. hxg4 Ke6 53. Bg3 b4+ 54. axb4 Na7 55. Bxd6 Kxd6 56. b5 Kc7 57. Kb4 Kb6 58. Ka4 Nc8 59. Bf5 Nd6 60. Bd7 Nb7 61. Bc6 Nd6 62. Kb4 f6 63. Ka4 f5 64. Kb4 fxg4 65. fxg4 Ne4 66. Bxd5 Nf2 67. Be6 Nd3+ 68. Kc4 Nb2+ 69. Kc3 Nd1+ 70. Kd2 Nf2 71. Ke3 Nh3 72. Bc4 Kc7 73. Ke4 Nf4 74. Kf5 Nh3 75. Bd5 Nf4 76. Bc4 Nh3 77. Be2 Kd6 78. Bf3 Ng1 1-0

[Event "South African op"]
[Site "Cape Town"]
[Date "2015.07.04"]
[Round "2"]
[White "Salimu, Reuben"]
[Black "Anderson, Gavin"]
[Result "0-1"]
[WhiteElo "1965"]
[BlackElo "2250"]
[PlyCount "60"]
[EventDate "2015.07.03"]
[EventType "swiss"]
[EventRounds "11"]
[EventCountry "RSA"]
[SourceTitle "CBM 167 Extra"]
[Source "ChessBase"]
[SourceDate "2015.09.14"]
[SourceVersion "1"]
[SourceVersionDate "2015.09.14"]
[SourceQuality "1"]

1. e4 c6 2. d4 d5 3. exd5 cxd5 4. c4 Nf6 5. Nc3 e6 6. Nf3 Be7 7. Bg5 0-0 8. Bd3 dxc4 9. Bxc4 Nbd7 10. 0-0 Nb6 11. Bb3 Nbd5 12. Ne5 Nxc3 13. bxc3 Qc7 14. Qf3 b6 15. Nc6 Bb7 16. Nxe7+ Qxe7 17. Qg3 Rfc8 18. Rac1 Kf8 19. Rfe1 h6 20. Be3 Ne4 21. Qh3 Nxc3 22. Bxh6 gxh6 23. Rxc3 Rxc3 24. Qxc3 Rc8 25. Qd2 Qg5 26. f4 Qf5 27. Re5 Qg6 28. d5 exd5 29. Bxd5 Bxd5 30. Rxd5 Qb1+ 0-1